000
00302nam a2200133Ia 4500
008
100328s9999 xx 000 0 und d
082
_b
27190
100
_a
नागवे अशोक
245
_a
आलम
260
_b
मौज
630
_a
आलम
730
_a
आलम
942
_c
BOOK
999
_c
519191
_d
519188